Διεθνείς οργανισμοί : αρχές και προβλήματα
Αποθηκεύτηκε σε:
| Κύριος συγγραφέας: | |
|---|---|
| Άλλοι συγγραφείς: | , , , |
| Μορφή: | Βιβλίο |
| Γλώσσα: | Greek English |
| Δημοσίευση: |
Αθήνα :
Gutenberg,
2006.
|
| Σειρά: | Βιβλιοθήκη Διεθνών και Ευρωπαϊκών Σπουδών
|
| Θέματα: | |
| Ετικέτες: |
Προσθήκη ετικέτας
Δεν υπάρχουν, Καταχωρήστε ετικέτα πρώτοι!
|
MARC
| LEADER | 00000cam a2200000 i 4500 | ||
|---|---|---|---|
| 001 | 1/12448 | ||
| 008 | 110315s2006####gr ||| | gre|| | ||
| 020 | |a 9789600111251 | ||
| 035 | |l 10109792 | ||
| 040 | |a GR-MY-UA |b gre |e aacr | ||
| 041 | 0 | |a gre |h eng | |
| 082 | 0 | |a 341.2 |2 (22) | |
| 100 | 1 | |a Bennett, Alvin LeRoy. | |
| 245 | 1 | 0 | |a Διεθνείς οργανισμοί : |b αρχές και προβλήματα / |c A. LeRoy Bennett, James K. Oliver ; μετάφραση Ζιζή Σαλίμπα, Χαράλαμπος Κωνσταντινίδης ; πρόλογος-επιμέλεια Δημήτρης Μπουραντώνης. |
| 260 | |a Αθήνα : |b Gutenberg, |c 2006. | ||
| 300 | |a 626 σ. ; |c 25 εκ. | ||
| 490 | 1 | |a (Βιβλιοθήκη Διεθνών και Ευρωπαϊκών Σπουδών ; |v 2) | |
| 504 | |a Bιβλιογραφία: σ. 555-568. | ||
| 500 | |a Μετάφραση του: International organizations, principles and issues. | ||
| 650 | 0 | 0 | |a International agencies. |
| 650 | 0 | 0 | |a International organization. |
| 650 | 0 | 0 | |a Regionalism (International organization) |
| 700 | 1 | |a Oliver, James K. | |
| 700 | 1 | |a Σαλίμπα, Ζιζή, |e trlf | |
| 700 | 1 | |a Κωνσταντινίδης, Χαράλαμπος, |e trl | |
| 700 | 1 | |a Μπουραντώνης, Δημήτρης, |e edt | |
| 830 | 0 | |a Βιβλιοθήκη Διεθνών και Ευρωπαϊκών Σπουδών | |
| 852 | |a INST |b LESVOS |c EUDOXUS |e 20170818 |h 341.2 BEN |p 005100059471 |q 005100059471 |t EDX |y 0 | ||
| 852 | |a INST |b RHODES |e 20140703 |h 341.2 BEN |p 005400036633 |q 005400036633 |t BK |y 0 | ||
| 852 | |a INST |b RHODES |c EUDOXUS |e 20110315 |h 341.2 BEN |p 005400032991 |q 005400032991 |t EDX |y 0 | ||
| 852 | |a INST |b RHODES |c EUDOXUS |e 20110323 |h 341.2 BEN |p 005400033006 |q 005400033006 |t EDX |y 0 | ||
| 901 | |a BIBL4-2011-1 | ||
| 901 | |a BIBL4-2014-2 | ||
| 909 | |a Ρ |b 163465 | ||
| 909 | |a Ρ |b 163477 | ||
| 909 | |a Ρ |b 183135 | ||
| 920 | |a Εύδοξος |b Επιστροφή |y Ρόδος |z 2011-03 | ||
| 920 | |a Εύδοξος |b Παραγγελία |y Λέσβος-ΤΚ |z 2017-05 | ||
| 970 | |z 2011/03/ | ||